[Event "34th Leon Blitz Open 2021"]
[Site "chess.com INT"]
[Date "2021.07.07"]
[Round "11"]
[White "Larino Nieto, David"]
[Black "Lopez Idarraga, Daniel Eduardo"]
[Result "1-0"]
[WhiteTitle "GM"]
[BlackTitle "FM"]
[WhiteElo "2455"]
[BlackElo "2009"]
[WhiteFideId "2256444"]
[BlackFideId "4405501"]
[EventDate "2021.07.07"]

1. e4 c5 2. Nf3 e6 3. Nc3 Nc6 4. g3 g6 5. Bg2 Bg7 6. d3 Nge7 7. Be3 Nd4 8. Qd2
O-O 9. h4 h5 10. Ng5 d6 11. Nd1 Rb8 12. c3 Ndc6 13. f4 b5 14. a3 a5 15. O-O b4
16. axb4 axb4 17. Kh2 bxc3 18. bxc3 Bd7 19. Rc1 Qa5 20. Qe2 d5 21. g4 hxg4 22.
Qxg4 f5 23. Qh3 fxe4 24. dxe4 dxe4 25. Bxe4 Nf5 26. Bxf5 Rxf5 27. h5 Bf6 28.
hxg6 Bg7 29. Rc2 e5 30. Rd2 Qd8 31. Bxc5 Qe8 32. Qh7# 1-0

[Event "34th Leon Blitz Open 2021"]
[Site "chess.com INT"]
[Date "2021.07.07"]
[Round "11"]
[White "Kadam, Om Manish"]
[Black "Vovk, Orest"]
[Result "0-1"]
[WhiteTitle "CM"]
[BlackTitle "FM"]
[WhiteElo "2114"]
[BlackElo "2315"]
[WhiteFideId "45076294"]
[BlackFideId "14113490"]
[EventDate "2021.07.07"]

1. e4 Nc6 2. Nf3 d5 3. exd5 Qxd5 4. Nc3 Qa5 5. d4 Bg4 6. Be2 O-O-O 7. Be3 Nf6 8.
Qd2 e5 9. d5 Bb4 10. dxc6 Rxd2 11. cxb7+ Kxb7 12. Bxd2 e4 13. Nd4 Bxe2 14. Ndxe2
Rd8 15. O-O-O Nd5 16. Nxd5 Bxd2+ 17. Rxd2 Rxd5 18. Rxd5 Qxd5 19. Nf4 Qxa2 20.
Re1 f5 21. b3 g5 22. Ne2 Qa1+ 23. Kd2 Qa5+ 24. Nc3 Qe5 25. g3 Qd4+ 0-1

[Event "34th Leon Blitz Open 2021"]
[Site "chess.com INT"]
[Date "2021.07.07"]
[Round "11"]
[White "Pham, Le Thao Nguyen"]
[Black "Senlle Caride, Miguel"]
[Result "1-0"]
[WhiteTitle "IM"]
[BlackTitle "FM"]
[WhiteElo "2369"]
[BlackElo "2354"]
[WhiteFideId "12401226"]
[BlackFideId "2282500"]
[EventDate "2021.07.07"]

1. d4 Nf6 2. Nf3 e6 3. Bf4 Be7 4. e3 O-O 5. h3 c5 6. c3 b6 7. Nbd2 Bb7 8. Bd3 d6
9. O-O Re8 10. Qe2 Bf8 11. Bh2 Nc6 12. Rfd1 e5 13. dxe5 dxe5 14. e4 Qc7 15. a4
Rad8 16. Bb5 Nh5 17. Nxe5 Rxe5 18. Qxh5 Rxh5 19. Bxc7 Rd7 20. Bg3 a6 21. Be2 Rh6
22. Nc4 Rxd1+ 23. Rxd1 b5 24. axb5 axb5 25. Ne3 b4 26. Rd7 Ba8 27. Bc4 Na5 28.
Bxf7+ Kh8 29. Rd8 g6 30. Rxf8+ Kg7 31. Rxa8 Kxf7 32. Rxa5 1-0

[Event "34th Leon Blitz Open 2021"]
[Site "chess.com INT"]
[Date "2021.07.07"]
[Round "11"]
[White "Dobre, Claudiu-Cristian"]
[Black "Gimenez Aguirre, Alejo Ismael"]
[Result "0-1"]
[WhiteTitle "IM"]
[BlackTitle "IM"]
[WhiteElo "2314"]
[BlackElo "2265"]
[WhiteFideId "1211854"]
[BlackFideId "32041667"]
[EventDate "2021.07.07"]

1. c4 e5 2. Nc3 Nc6 3. Nf3 a6 4. a3 Bc5 5. e3 Ba7 6. d4 exd4 7. exd4 d6 8. h3
Nge7 9. d5 Ne5 10. Nxe5 dxe5 11. Qh5 Ng6 12. Bd3 O-O 13. g3 f5 14. Be3 Bxe3 15.
fxe3 e4 16. Be2 Qd6 17. Kf2 Bd7 18. b4 Be8 19. Bf1 Qf6 20. Rc1 Ne5 21. Qd1 a5
22. b5 b6 23. d6 cxd6 24. Nd5 Qh6 25. Kg2 Bh5 26. Be2 Bf3+ 27. Bxf3 exf3+ 28.
Kf2 Rae8 29. Qd4 Nd7 30. Nc3 Nc5 31. Rcd1 Re6 32. Qd5 Qxe3+ 33. Kf1 Qxc3 34. Rh2
Re8 35. Rhd2 Kh8 36. Qc6 Qxc4+ 37. Kg1 Re1+ 38. Kh2 R8e2+ 0-1

[Event "34th Leon Blitz Open 2021"]
[Site "chess.com INT"]
[Date "2021.07.07"]
[Round "11"]
[White "Llorens Sepulveda, Marcelo"]
[Black "Guevara Sanchez, Erick Marvin"]
[Result "1/2-1/2"]
[WhiteTitle "FM"]
[BlackTitle "FM"]
[WhiteElo "2257"]
[BlackElo "2173"]
[WhiteFideId "3400999"]
[BlackFideId "6700136"]
[EventDate "2021.07.07"]

1. e4 c5 2. Nf3 Nc6 3. Nc3 Nd4 4. Bc4 e6 5. O-O a6 6. a4 d6 7. d3 Nf6 8. Nxd4
cxd4 9. Ne2 e5 10. f4 Be6 11. Bxe6 fxe6 12. fxe5 dxe5 13. Ng3 Be7 14. Bg5 O-O
15. Bxf6 Bxf6 16. Nh5 Rc8 17. Qg4 Rxc2 18. Qxe6+ Kh8 19. Nxf6 gxf6 20. Rf3 Qc8
21. Qe7 Rc7 22. Qb4 Rg8 23. Raf1 Rc2 24. Rg3 Rxg3 25. hxg3 Rc1 26. Qe7 Rxf1+ 27.
Kxf1 Qc1+ 28. Kf2 Qd2+ 29. Kg1 Qc1+ 30. Kh2 Qh6+ 31. Kg1 Qe3+ 32. Kh2 Qh6+ 33.
Kg1 Qc1+ 34. Kh2 Qh6+ 1/2-1/2

[Event "34th Leon Blitz Open 2021"]
[Site "chess.com INT"]
[Date "2021.07.07"]
[Round "11"]
[White "Rosenberg, Evan S"]
[Black "Szente Varga, Fruzsina"]
[Result "1-0"]
[BlackTitle "WFM"]
[WhiteElo "2125"]
[BlackElo "2100"]
[WhiteFideId "2019299"]
[BlackFideId "712264"]
[EventDate "2021.07.07"]

1. Nf3 Nf6 2. c4 g6 3. Nc3 Bg7 4. e4 d6 5. d4 O-O 6. h3 e5 7. dxe5 dxe5 8. Qxd8
Rxd8 9. Bg5 Re8 10. Nd5 Nxd5 11. cxd5 c6 12. Bc4 cxd5 13. Bxd5 Nc6 14. O-O-O Be6
15. Bxe6 Rxe6 16. Rd7 Nb4 17. a3 Na6 18. b4 Rc6+ 19. Kb2 Nc7 20. Rhd1 Ne6 21.
Be3 b6 22. R1d5 a5 23. b5 Rc4 24. Nd2 Rc7 25. Bxb6 Rxd7 26. Rxd7 Rb8 27. Nc4 a4
28. f3 Nf4 29. Rd8+ Rxd8 30. Bxd8 Nd3+ 31. Kc3 Nc5 32. Be7 Nb7 33. Kb4 f5 34.
Kxa4 fxe4 35. fxe4 Bf8 36. Bxf8 Kxf8 37. Kb4 Ke7 38. Nxe5 Ke6 39. Nd3 h5 40. a4 1-0

[Event "34th Leon Blitz Open 2021"]
[Site "chess.com INT"]
[Date "2021.07.07"]
[Round "11"]
[White "Nguyen, Ngoc Truong Son"]
[Black "Sjugirov, Sanan"]
[Result "0-1"]
[WhiteTitle "GM"]
[BlackTitle "GM"]
[WhiteElo "2641"]
[BlackElo "2661"]
[WhiteFideId "12401110"]
[BlackFideId "4189302"]
[EventDate "2021.07.07"]

1. d4 Nf6 2. Nf3 d5 3. c4 e6 4. Nc3 Nbd7 5. Bf4 Bb4 6. e3 Ne4 7. Qc2 g5 8. Bg3
h5 9. h3 Nxg3 10. fxg3 c6 11. Bd3 Qe7 12. O-O-O dxc4 13. Bxc4 Nb6 14. Bd3 Bd7
15. Ne5 O-O-O 16. Rhf1 Be8 17. a3 Bd6 18. Ne4 Nd5 19. Nxd6+ Rxd6 20. Nc4 Rd8 21.
e4 Nb6 22. Nxb6+ axb6 23. d5 exd5 24. exd5 Rxd5 25. Bf5+ Kb8 26. Rxd5 cxd5 27.
Kb1 Bc6 28. Qc3 Re8 29. Bd3 Ka7 30. g4 h4 31. Ka2 Qe6 32. Qd4 Qe3 33. Qxe3 Rxe3
34. Bh7 d4 35. Rd1 Bxg2 0-1

[Event "34th Leon Blitz Open 2021"]
[Site "chess.com INT"]
[Date "2021.07.07"]
[Round "11"]
[White "Maltsevskaya, Aleksandra"]
[Black "Khanin, Semen"]
[Result "0-1"]
[WhiteTitle "WGM"]
[BlackTitle "IM"]
[WhiteElo "2382"]
[BlackElo "2517"]
[WhiteFideId "24174041"]
[BlackFideId "4111990"]
[EventDate "2021.07.07"]

1. e4 c5 2. Nf3 d6 3. d4 cxd4 4. Nxd4 Nf6 5. f3 Nc6 6. c4 e6 7. Nc3 Be7 8. Be3
O-O 9. Qc2 d5 10. exd5 exd5 11. O-O-O Nb4 12. Qb3 Bd7 13. a3 a5 14. axb4 axb4
15. Ncb5 Qa5 16. Kd2 Bc5 17. Bd3 dxc4 18. Qxc4 Rac8 19. Qb3 Rfd8 20. Ke2 Re8 21.
Kf2 Rxe3 22. Kxe3 Bxb5 23. Bxb5 Qxb5 24. Kf4 Bd6+ 25. Ke3 Bc5 26. Kf4 Qb6 27.
Nf5 Qc7+ 28. Kg5 Qe5 29. g4 Bf2 0-1

[Event "34th Leon Blitz Open 2021"]
[Site "chess.com INT"]
[Date "2021.07.07"]
[Round "11"]
[White "Navarro Segura, Roberto"]
[Black "Gallegos Diaz, Carlos Alberto"]
[Result "0-1"]
[WhiteTitle "IM"]
[BlackTitle "IM"]
[WhiteElo "2123"]
[BlackElo "2374"]
[WhiteFideId "5100364"]
[BlackFideId "3900886"]
[EventDate "2021.07.07"]

1. e4 d6 2. d4 Nf6 3. Nc3 c6 4. Nf3 Qa5 5. Bd3 e5 6. Bg5 exd4 7. Bxf6 dxc3 8.
Bxc3 Qc7 9. O-O Nd7 10. Re1 Ne5 11. Nxe5 dxe5 12. Qh5 Bd6 13. Rad1 Be6 14. Bf1
O-O 15. Rd3 f5 16. Red1 Bc5 17. Rf3 fxe4 18. Bxe5 Qe7 19. Rxf8+ Rxf8 20. Bg3 e3
21. Bh4 g5 22. Bxg5 exf2+ 23. Kh1 Qf7 24. Qh4 Qg6 25. Bd3 Qxd3 26. cxd3 f1=Q+ 0-1

[Event "34th Leon Blitz Open 2021"]
[Site "chess.com INT"]
[Date "2021.07.07"]
[Round "11"]
[White "Sarana, Alexey"]
[Black "Ibarra Jerez, Jose Carlos"]
[Result "1/2-1/2"]
[WhiteTitle "GM"]
[BlackTitle "GM"]
[WhiteElo "2640"]
[BlackElo "2558"]
[WhiteFideId "24133795"]
[BlackFideId "2226332"]
[EventDate "2021.07.07"]

1. e4 c5 2. Nf3 Nc6 3. d4 cxd4 4. Nxd4 e5 5. Nb5 a6 6. Nd6+ Bxd6 7. Qxd6 Qe7 8.
Qxe7+ Ngxe7 9. Nc3 d5 10. exd5 Nb4 11. Bd3 Bf5 12. Ke2 Bxd3+ 13. cxd3 Rd8 14.
Be3 Nbxd5 15. Nxd5 Rxd5 16. Rac1 Nc6 17. Rc4 Ke7 18. Rhc1 Rhd8 19. R1c3 Ke6 20.
a3 R8d7 21. g4 f6 22. h4 g6 23. Rc5 Rxc5 24. Rxc5 f5 25. gxf5+ gxf5 26. f4 exf4
27. Bxf4 Rg7 28. Bg5 Rd7 29. Ke3 Ne5 30. d4 Ng4+ 31. Kd3 Nf2+ 32. Ke2 Ng4 33.
Be3 Nxe3 34. Kxe3 Rg7 35. Re5+ Kf6 36. Re8 Rg3+ 37. Kd2 Rg4 38. Kd3 Rxh4 39. d5
Re4 40. Rb8 b5 41. d6 Ke6 42. Rb6 Re5 43. Rxa6 Rd5+ 44. Ke3 Rxd6 45. Ra7 Ke5 46.
Re7+ Kd5 47. Rxh7 Kc4 48. Rh4+ Kc5 49. Rf4 Re6+ 50. Kd3 Rd6+ 51. Kc3 Rd5 52. a4
bxa4 53. Rxa4 Re5 54. b4+ Kb6 55. Ra5 Rxa5 56. bxa5+ Kxa5 57. Kd4 f4 58. Ke4 f3
59. Kxf3 1/2-1/2

[Event "34th Leon Blitz Open 2021"]
[Site "chess.com INT"]
[Date "2021.07.07"]
[Round "11"]
[White "Demchenko, Anton"]
[Black "Kamsky, Gata"]
[Result "1-0"]
[WhiteTitle "GM"]
[BlackTitle "GM"]
[WhiteElo "2600"]
[BlackElo "2658"]
[WhiteFideId "4160258"]
[BlackFideId "2000024"]
[EventDate "2021.07.07"]

1. e4 c5 2. Nf3 e6 3. g3 Nf6 4. e5 Nd5 5. Bg2 Nc6 6. O-O d6 7. exd6 Bxd6 8. d4
O-O 9. dxc5 Bxc5 10. Qe2 Bd7 11. Rd1 Qe7 12. c4 Nf6 13. Nc3 a6 14. Bg5 h6 15.
Bxf6 gxf6 16. Ne4 Rfd8 17. a3 a5 18. Nxc5 Qxc5 19. b4 axb4 20. axb4 Qe7 21. Rxa8
Rxa8 22. b5 Na5 23. Nd2 f5 24. Qe3 Be8 25. Qxh6 Rd8 26. Rb1 b6 27. Qe3 Qd6 28.
Qg5+ Kf8 29. Qh6+ Kg8 30. Nf3 Nxc4 31. h4 Qe7 32. Qf4 Nd6 33. Nd4 Ne4 34. Nc6
Bxc6 35. bxc6 Nc3 36. Re1 Rd1 37. Qb8+ Kh7 38. Rxd1 1-0

[Event "34th Leon Blitz Open 2021"]
[Site "chess.com INT"]
[Date "2021.07.07"]
[Round "11"]
[White "Bures, Vit"]
[Black "Khabinets, Ivan"]
[Result "0-1"]
[WhiteTitle "CM"]
[WhiteElo "2144"]
[BlackElo "1980"]
[WhiteFideId "309052"]
[BlackFideId "14115980"]
[EventDate "2021.07.07"]

1. d4 c6 2. c4 Nf6 3. Nc3 d5 4. e3 g6 5. Nf3 Bg7 6. Be2 O-O 7. O-O dxc4 8. Bxc4
Nbd7 9. Bb3 b5 10. a4 b4 11. Ne2 Bb7 12. Bd2 a5 13. Rc1 Rc8 14. Ne5 c5 15. Nf4
cxd4 16. exd4 Nb6 17. Nxf7 Rxf7 18. Ne6 Qd6 19. Ng5 Bd5 20. Nxf7 Bxf7 21. Rxc8+
Nxc8 22. Bxf7+ Kxf7 23. Qb3+ Qd5 24. Qxd5+ Nxd5 25. Rc1 Ncb6 26. Be3 Nxa4 27.
Ra1 Nxb2 28. Rxa5 Ke6 29. Kf1 Nc4 30. Ra6+ Kd7 31. Ra4 Ncxe3+ 32. fxe3 Nxe3+ 33.
Ke2 Nd5 34. Kd3 Nf4+ 35. Ke4 Nxg2 36. Rxb4 Ke6 37. Rb3 Nh4 38. Rh3 Bf6 39. d5+
Kf7 40. Ra3 Nf5 41. h3 Nd6+ 42. Kf3 g5 43. Kg4 Kg6 44. Ra6 h5+ 45. Kf3 Kf5 46.
Ra4 Ke5 47. Ra5 Nc4 48. Rc5 Nb6 0-1

[Event "34th Leon Blitz Open 2021"]
[Site "chess.com INT"]
[Date "2021.07.07"]
[Round "11"]
[White "Gorodetzky, David"]
[Black "Lobanov, Sergei"]
[Result "1-0"]
[WhiteTitle "IM"]
[BlackTitle "IM"]
[WhiteElo "2496"]
[BlackElo "2514"]
[WhiteFideId "2813416"]
[BlackFideId "24183750"]
[EventDate "2021.07.07"]

1. d4 Nf6 2. Nf3 d5 3. Bf4 c5 4. e3 Nc6 5. Nbd2 e6 6. c3 Be7 7. h3 Nh5 8. Bh2 f5
9. Ne5 Nf6 10. Bb5 Qb6 11. Qa4 Bd7 12. dxc5 Bxc5 13. Nxd7 Nxd7 14. Nb3 a6 15.
Be2 Be7 16. Rd1 O-O 17. O-O Rac8 18. c4 Nf6 19. cxd5 Nxd5 20. Bf3 Nf6 21. a3
Rfd8 22. Rxd8+ Rxd8 23. Bxc6 bxc6 24. Nd4 c5 25. Nc6 Rd7 26. Nxe7+ Rxe7 27. Be5
Nd5 28. Rd1 h6 29. e4 fxe4 30. Qxe4 Qb3 31. Rc1 Rf7 32. Rxc5 Qd1+ 33. Kh2 Rxf2
34. Qg6 Nf6 35. Rc8+ 1-0

[Event "34th Leon Blitz Open 2021"]
[Site "chess.com INT"]
[Date "2021.07.07"]
[Round "11"]
[White "Lysyj, Igor"]
[Black "Yilmaz, Mustafa"]
[Result "0-1"]
[WhiteTitle "GM"]
[BlackTitle "GM"]
[WhiteElo "2605"]
[BlackElo "2630"]
[WhiteFideId "4150120"]
[BlackFideId "6302718"]
[EventDate "2021.07.07"]

1. d4 d5 2. c4 e6 3. Nf3 Nf6 4. g3 Bb4+ 5. Bd2 Be7 6. Bg2 O-O 7. O-O Nbd7 8. Qc2
c6 9. Bf4 Nh5 10. Bc1 f5 11. b3 Nhf6 12. Ba3 Ne4 13. Bxe7 Qxe7 14. Nbd2 Qd6 15.
a3 b6 16. b4 Bb7 17. Rab1 a5 18. e3 axb4 19. axb4 Ra3 20. c5 Qc7 21. Ra1 Rfa8
22. Qb2 Rxa1 23. Rxa1 Qb8 24. Nxe4 fxe4 25. Ng5 Nf8 26. cxb6 h6 27. Nh3 Ra6 28.
Rxa6 Bxa6 29. f3 exf3 30. Bxf3 g5 31. Nf2 Qxb6 32. Ng4 Kg7 33. Bg2 Nd7 34. Nf2
Nf6 35. Qd2 Qb5 36. g4 Qc4 37. h3 Qb3 38. Kh2 Bc4 39. e4 Qb1 40. e5 Ng8 41. Nd1
Ne7 42. Ne3 Ng6 43. Bf3 Nf4 44. Ng2 Nd3 45. Be2 Nf2 46. Bxc4 Qh1+ 47. Kg3 Ne4+ 0-1

[Event "34th Leon Blitz Open 2021"]
[Site "chess.com INT"]
[Date "2021.07.07"]
[Round "11"]
[White "Jimenez Martinez, Jose Vicente"]
[Black "Roman, Rodrigo"]
[Result "1-0"]
[WhiteTitle "FM"]
[BlackTitle "CM"]
[WhiteElo "2271"]
[BlackElo "2071"]
[WhiteFideId "2264021"]
[BlackFideId "3701220"]
[EventDate "2021.07.07"]

1. d4 a6 2. c4 b5 3. cxb5 axb5 4. e3 Bb7 5. Nf3 b4 6. Bc4 e6 7. O-O Nf6 8. Qe2
Be7 9. Nbd2 d5 10. Bd3 O-O 11. Nb3 Nbd7 12. Bd2 c5 13. dxc5 Bxc5 14. Nxc5 Nxc5
15. Bxb4 Nxd3 16. Bxf8 Ba6 17. Ba3 Ne5 18. Qd1 Bxf1 19. Nxe5 Bb5 20. Rc1 Ne4 21.
f3 Qg5 22. Qd4 Nf6 23. Be7 Be8 24. Ng4 e5 25. Qxe5 Qxe5 26. Nxe5 h6 27. a3 d4
28. Bxf6 gxf6 29. Ng4 dxe3 30. Nxf6+ Kg7 31. Ng4 Rb8 32. b4 Ra8 33. Nxe3 Rxa3
34. Nf5+ Kg6 35. Nd6 Bd7 36. h4 Rb3 37. Rc4 Be6 38. Rd4 Kf6 39. Ne4+ Ke5 40. Rd8
Rxb4 41. Rh8 f5 42. Ng3 Rxh4 43. Kf2 Kf6 44. Ne2 Kg7 45. Rb8 Rc4 46. Rb7+ Kf6
47. Kg3 h5 48. Rb6 h4+ 49. Kf2 Rc2 50. Ke3 Ke5 51. Rxe6+ Kxe6 52. Nd4+ Kd5 53.
Nxc2 Ke5 54. f4+ Kf6 55. Nd4 Kg6 56. Nf3 Kh5 57. Ne5 h3 58. gxh3 Kh4 59. Kf3
Kxh3 60. Ng6 Kh2 61. Ne7 Kh3 62. Nxf5 Kh2 63. Kg4 1-0

[Event "34th Leon Blitz Open 2021"]
[Site "chess.com INT"]
[Date "2021.07.07"]
[Round "11"]
[White "Wiwatanadate, Poompong"]
[Black "Mogirzan, Matei-Valeriu"]
[Result "0-1"]
[WhiteTitle "FM"]
[BlackTitle "CM"]
[WhiteElo "2043"]
[BlackElo "1813"]
[WhiteFideId "6201083"]
[BlackFideId "1257455"]
[EventDate "2021.07.07"]

1. d4 Nf6 2. c4 g6 3. Nc3 Bg7 4. e4 d6 5. Be2 c5 6. d5 Qa5 7. Bd2 O-O 8. Nf3 a6
9. O-O e5 10. dxe6 fxe6 11. e5 dxe5 12. Nxe5 Nbd7 13. Nf3 Qc7 14. Qc2 e5 15. Ng5
Nb8 16. Bf3 Nc6 17. Nd5 Nxd5 18. Bxd5+ Kh8 19. Bc3 Nd4 20. Qd3 Bf5 21. Qg3 Ne2+
22. Kh1 Nxg3+ 23. hxg3 Qe7 24. Ne4 Rad8 25. f3 b5 26. b3 bxc4 27. bxc4 Bxe4 28.
fxe4 Rxf1+ 29. Rxf1 Rf8 30. Rb1 Qd6 31. Rb7 Rb8 32. Rf7 Rb1+ 33. Kh2 h6 34. Ba5
Rb8 35. Bc7 Qf8 36. Rxf8+ Rxf8 37. Bd6 Rc8 38. Bb7 Rd8 39. Bxc5 Bf8 40. Bxf8
Rxf8 41. c5 Rf7 42. c6 Rc7 43. g4 Kg7 44. Kg3 Kf6 45. Kh4 Ke6 46. g5 h5 47. Kg3
Kd6 48. Kf3 Rf7+ 49. Ke3 Kc7 50. Kd3 Rf2 51. Kc4 Rxg2 52. Kd5 Rxg5 53. Bxa6 h4
54. Bf1 Rg1 55. Bh3 g5 56. a4 g4 57. Bxg4 Rxg4 58. a5 h3 59. a6 h2 60. a7 h1=Q
61. a8=Q Qxe4+ 62. Ke6 Qc4+ 63. Kf5 Qe4+ 64. Ke6 Rg6+ 65. Ke7 Qh4+ 66. Kf7 Qh7+
67. Ke8 Rg8# 0-1

[Event "34th Leon Blitz Open 2021"]
[Site "chess.com INT"]
[Date "2021.07.07"]
[Round "11"]
[White "Chen, Justin"]
[Black "Dhulipalla, Bala Chandra Prasad"]
[Result "1/2-1/2"]
[WhiteTitle "FM"]
[BlackTitle "IM"]
[WhiteElo "2247"]
[BlackElo "2425"]
[WhiteFideId "2098199"]
[BlackFideId "25005812"]
[EventDate "2021.07.07"]

1. d4 Nc6 2. Nf3 d5 3. Bf4 Bg4 4. Nbd2 e6 5. e3 Bd6 6. Bg3 Nf6 7. c4 O-O 8. Be2
dxc4 9. Nxc4 Bb4+ 10. Ncd2 e5 11. dxe5 Ne4 12. a3 Bxf3 13. axb4 Nxg3 14. hxg3
Bxg2 15. Rh2 Bd5 16. Qc2 h6 17. Qc3 Qe7 18. f4 Nxb4 19. Kf2 f6 20. exf6 Rxf6 21.
Nf3 Re8 22. Rxa7 c5 23. Rh5 Kh8 24. Re5 Re6 25. Rxe6 Bxe6 26. Ne5 Kg8 27. Bf3
Rb8 28. Nc6 Nxc6 29. Bxc6 Qc7 30. Bf3 Qb6 31. Ra1 Rd8 32. Rd1 Rxd1 33. Bxd1 Bd5
34. Qe5 Qc6 35. Bh5 Bf7 36. Bxf7+ Kxf7 37. g4 c4 38. Qd4 Kg8 39. e4 Qb5 40. e5
Qb3 41. f5 Qc2+ 42. Ke3 Qc1+ 43. Ke4 Qh1+ 44. Kf4 Qf1+ 45. Ke4 Qg2+ 46. Kf4 Qf1+
47. Kg3 Qe1+ 48. Kf3 Qf1+ 49. Ke3 Qe1+ 50. Kf4 Qf1+ 1/2-1/2

[Event "34th Leon Blitz Open 2021"]
[Site "chess.com INT"]
[Date "2021.07.07"]
[Round "11"]
[White "Onischuk, Vladimir"]
[Black "Holt, Conrad"]
[Result "0-1"]
[WhiteTitle "GM"]
[BlackTitle "GM"]
[WhiteElo "2622"]
[BlackElo "2549"]
[WhiteFideId "14114038"]
[BlackFideId "2034387"]
[EventDate "2021.07.07"]

1. Nf3 d5 2. g3 Bg4 3. Bg2 Nd7 4. O-O e6 5. d3 Bc5 6. e4 Ne7 7. Nbd2 O-O 8. h3
Bh5 9. a3 a5 10. b3 Bd4 11. Rb1 Bc3 12. g4 Bg6 13. Qe2 Nc6 14. Rd1 Re8 15. Nf1
Qe7 16. Ng3 Qd6 17. Kh1 d4 18. Nh4 Qe7 19. Nxg6 fxg6 20. f4 Qh4 21. Kh2 g5 22.
fxg5 Nce5 23. Nh5 Rf8 24. Bf4 g6 25. Nf6+ Nxf6 26. gxf6 Qxf6 27. Rf1 g5 28. Bg3
Qg7 29. Rxf8+ Rxf8 30. Rf1 Rxf1 31. Qxf1 Bb2 32. Qf2 Bxa3 33. Bf1 Bd6 34. Kg2
Ng6 35. Qd2 Bxg3 36. Kxg3 Qe5+ 37. Kg2 Nf4+ 38. Kf3 Qc5 39. h4 h6 40. hxg5 hxg5
41. Qh2 Kg7 42. Qd2 b6 43. Kf2 Qf8 44. Ke1 Qb4 45. Qxb4 axb4 46. Kf2 Kf6 47. Kf3
Ke5 48. Kg3 Kd6 49. Kf3 b5 50. Kg3 Ng6 51. Be2 Ke5 52. Kf3 Ne7 53. Kg3 Nc8 54.
Kf3 Nb6 55. Kg3 Na4 56. Kf3 Nc3 57. Bf1 Nd1 0-1

[Event "34th Leon Blitz Open 2021"]
[Site "chess.com INT"]
[Date "2021.07.07"]
[Round "11"]
[White "Vitenberg, Noam Aviv"]
[Black "Vallejo Diaz, Javier"]
[Result "0-1"]
[WhiteTitle "FM"]
[BlackTitle "FM"]
[WhiteElo "2315"]
[BlackElo "2365"]
[WhiteFideId "1532138"]
[BlackFideId "2256398"]
[EventDate "2021.07.07"]

1. d4 d5 2. c4 c6 3. Nf3 Nf6 4. e3 e6 5. Nbd2 Nbd7 6. Bd3 Be7 7. O-O O-O 8. e4
dxe4 9. Nxe4 Nxe4 10. Bxe4 Nf6 11. Bc2 c5 12. Be3 b6 13. dxc5 bxc5 14. Ne5 Qc7
15. Bf4 Rd8 16. Qe2 Bd6 17. Rad1 Bb7 18. Bg3 a5 19. f4 g6 20. Rde1 Rf8 21. Bh4
Nh5 22. Bd1 Rae8 23. Qd2 f6 24. Nd3 Ng7 25. Bf3 Nf5 26. Bxb7 Qxb7 27. Bf2 Qc7
28. b3 Kf7 29. Kh1 h5 30. Qe2 h4 31. Qe4 Re7 32. Bg1 Rh8 33. Nf2 Bxf4 34. Nh3
Be5 35. Qg4 Bd4 36. Nf4 Rh6 37. Rf3 Bxg1 38. Rxg1 Qe5 39. Nd3 Qd4 40. Qh3 Kg7
41. Rf4 Ng3+ 42. hxg3 Qxd3 43. Rxh4 Rxh4 44. gxh4 Qxh3+ 45. gxh3 Kh6 46. Rd1 e5
47. Kg2 Kh5 48. Kg3 f5 49. Rd5 f4+ 50. Kg2 Kxh4 51. Rxc5 e4 52. Rd5 e3 53. Rd1
g5 54. Kf3 e2 55. Re1 Re3+ 56. Kf2 Kxh3 57. Rxe2 Rxe2+ 58. Kxe2 Kg2 59. c5 f3+
60. Kd2 f2 61. c6 f1=Q 62. c7 Qf8 0-1

[Event "34th Leon Blitz Open 2021"]
[Site "chess.com INT"]
[Date "2021.07.07"]
[Round "11"]
[White "Sviridova, Vlada"]
[Black "Krishnakumar, Sriram"]
[Result "0-1"]
[WhiteTitle "WFM"]
[BlackTitle "CM"]
[WhiteElo "2144"]
[BlackElo "2035"]
[WhiteFideId "24109606"]
[BlackFideId "30915856"]
[EventDate "2021.07.07"]

1. d4 d5 2. c4 c6 3. Nf3 Nf6 4. Nc3 e6 5. e3 Nbd7 6. Qc2 Bd6 7. Bd3 O-O 8. O-O
dxc4 9. Bxc4 e5 10. h3 Qe7 11. Rd1 h6 12. a3 e4 13. Nh4 Nb6 14. Ng6 Qd8 15. Ba2
Re8 16. Ne5 Be6 17. Bxe6 Rxe6 18. b3 Qc7 19. Nc4 Nbd5 20. Bb2 Nxc3 21. Bxc3 Nd5
22. Bb2 Rae8 23. Ne5 f5 24. Rac1 Bxe5 25. dxe5 Qf7 26. g3 Qh5 27. Kh2 Qf3 28.
Rd2 h5 29. Qd1 Qxd1 30. Rcxd1 h4 31. Bd4 hxg3+ 32. fxg3 a6 33. Rf1 g6 34. Rdf2
Kg7 35. g4 fxg4 36. Rf7+ Kh6 37. hxg4 Kg5 38. Kg3 R6e7 39. R7f2 Rh7 40. e6 Rxe6
41. Rf8 Ree7 42. b4 Rh4 43. Bc5 Rxg4+ 44. Kf2 Rh7 45. Ke1 Rh2 46. Ba7 Nc3 47.
R1f2 Rg1+ 48. Kd2 Nb1+ 49. Kc2 Rxf2+ 50. Rxf2 Nxa3+ 51. Kb3 Nb5 52. Bb8 Rb1+ 53.
Kc4 Rc1+ 54. Kb3 Rc3+ 55. Kb2 Rd3 56. Bf4+ Kg4 57. Rg2+ Kf3 58. Rxg6 Rd2+ 59.
Kb3 Rd3+ 60. Kb2 Rxe3 61. Bxe3 Kxe3 62. Rg7 Kd3 63. Rxb7 e3 64. Rd7+ Nd4 65. Kc1
e2 66. Re7 Nf3 67. Rd7+ Kc4 68. Re7 e1=Q+ 69. Rxe1 Nxe1 0-1

[Event "34th Leon Blitz Open 2021"]
[Site "chess.com INT"]
[Date "2021.07.07"]
[Round "11"]
[White "Vasquez Schroeder, Rodrigo"]
[Black "Dang, Hoang Son"]
[Result "1-0"]
[WhiteTitle "GM"]
[BlackTitle "FM"]
[WhiteElo "2459"]
[BlackElo "2363"]
[WhiteFideId "3400042"]
[BlackFideId "12402435"]
[EventDate "2021.07.07"]

1. e4 g6 2. d4 Bg7 3. Nf3 d6 4. Bc4 Nf6 5. Qe2 O-O 6. e5 dxe5 7. dxe5 Nd5 8. h3
c6 9. O-O Be6 10. Rd1 Nd7 11. Bb3 a5 12. c4 Nb4 13. Nc3 Qc7 14. Bf4 h6 15. Qe3
g5 16. Bg3 b6 17. Ne4 a4 18. a3 axb3 19. axb4 Rxa1 20. Rxa1 Nxe5 21. Nexg5 hxg5
22. Bxe5 Bxe5 23. Nxe5 f6 24. Ng6 Bxc4 25. Nxf8 Kxf8 26. Ra8+ Kg7 27. h4 gxh4
28. Qd4 Bd5 29. Qg4+ Kh7 30. Qxh4+ Kg6 31. Qg4+ Kh7 32. Qh5+ Kg7 33. Rh8 Bg8 34.
Rh6 Qf4 35. Qg6+ Kf8 36. Rh8 Qc1+ 37. Kh2 Qf4+ 38. Kh3 Qc4 39. g4 Qd5 40. Kg3
Qe5+ 41. Kh3 Qd5 42. Qh6+ Kf7 43. Qh5+ Qxh5+ 44. Rxh5 Kg6 45. Kg3 e5 46. f4
exf4+ 47. Kxf4 Be6 48. Rh8 c5 49. b5 Bc4 50. Rb8 Bxb5 51. Rxb6 Ba4 52. g5 c4 53.
Rxf6+ Kg7 54. Rb6 Be8 55. Ke5 Bh5 56. Kf5 Bf3 57. Rb4 Bd5 58. Rb5 Bg2 59. Rc5
Bh3+ 60. Kf4 Bf1 61. Rc6 Bd3 62. Ke3 Kf7 63. Kd4 Kg7 64. Rxc4 Bxc4 65. Kxc4 Kg6
66. Kxb3 Kxg5 67. Kc4 Kf6 68. Kc5 Ke7 69. Kc6 Kd8 70. Kb7 Kd7 71. b4 Kd6 72. b5
Kd7 73. b6 Kd8 74. Ka7 1-0